000 00944nam a2200193 4500
003 LK-CoMWRAF
005 20231214132128.0
008 231214b |||||||| |||| 00| 0 eng d
020 _a9786245502073
040 _aLK-CoMWRAF
_dLK-CoMWRAF
_eLK-CoMWRAF
041 _asin
082 _a780
_bWAN
100 _aවන්නියසිංකම්, නදීන්
245 _aශ්‍රී ලංකාවේ මුස්ලිම්වරුන්ගේ සංගීත හා ගීත සම්ප්‍ර‍දායන් :
_bදළ විශ්ලේෂණයක්
246 _aSri Lankawe muslimwarunge sangeetha ha geetha sampradayan : Dala wishleshanayak
260 _aකොළඹ :
_bජනවාර් ගික අධ්‍යනය සඳහාවූ ජාත්‍යන්තර කේන්ද්‍ර‍ය
_c2021
650 _aමුස්ලිම් ගීත සම්ප්‍ර‍දායන්
942 _cBK
999 _c4449
_d4449